Harry Potter Filme - Statistiken

Allgemein
  • Dieses Quiz wurde 1.638 mal gespielt
  • Das Durchschnittsergebnis liegt bei 6 aus 8
Antwortstatistiken
Teil Name % Korrekt
1 Harry Potter und der Stein der Weisen
99%
2 Harry Potter und die Kammer des Schreckens
91%
4 Harry Potter und der Feuerkelch
86%
3 Harry Potter und der Gefangene von Askaban
84%
6 Harry Potter und der Halbblutprinz
83%
5 Harry Potter und der Orden des Phönix
77%
7.1 Harry Potter und die Heiligtümer des Todes Teil 1
59%
7.2 Harry Potter und die Heiligtümer des Todes Teil 2
52%
Keine übereinstimmenden Quizze gefunden
Verteilung der Resultate
Anzahl Personen mit jedem Resultat
Perzentil nach korrekt beantworteten Fragen
Ihre Resultats-Entwicklung
Sie haben dieses Quiz noch nicht gespielt